000 02991nam a2200421 a 4500
003 BLK
005 20250118125555.0
008 201105b bu ||||| |||| 00| 0 bu d
040 _aBLK
041 _aFRE
_cFRE
080 _aАнглийска литература
_b821.111
_x.09
_z821.111.09
100 _91299
_aTaine, H.
_eпърви автор
245 _aHistoire de la litterature anglaise
_bT. 1 -
_cH. Taine
_nT. 5
250 _a6. ed.
260 _9219407
_aParis
_bLibr. Hachette et C-ie
_c1881
300 _c17 см
380 _a82
490 _9435080
_aКолекция Редки и ценни издания
490 _9435931
_aЛична библиотека на Захари Стоянов
_v18
500 _aДатирана: 27.ІV.936 г. № 168
650 7 _aАнглийска литература - история
_2
_9146918
760 _h412 с.
_oT. 5
852 _aРф 881 ЗСт
_bРц
856 _fСъдържание
_lreg users access
_qjpg
_uhttp://185.138.176.146:18082/cgi-bin/koha/opac-retrieve-file.pl?id=7d51498a8b1950c33697a37cfd5d576b
_xpicjpg
_zСъдържание 1
856 _fСъдържание
_lreg users access
_qjpg
_uhttp://185.138.176.146:18082/cgi-bin/koha/opac-retrieve-file.pl?id=f63c7447edc1825f18ed347e07e7dc20
_xpicjpg
_zСъдържание 2
856 _fСъдържание
_lreg users access
_qjpg
_uhttp://185.138.176.146:18082/cgi-bin/koha/opac-retrieve-file.pl?id=8508cec6c6d9e5ba4d96851255cd48a3
_xpicjpg
_zСъдържание 3
856 _fСъдържание
_lreg users access
_qjpg
_uhttp://185.138.176.146:18082/cgi-bin/koha/opac-retrieve-file.pl?id=153dfd96d95dcbb3b421b8bf7526c30e
_xpicjpg
_zСъдържание 4
856 _fСъдържание
_lreg users access
_qjpg
_uhttp://185.138.176.146:18082/cgi-bin/koha/opac-retrieve-file.pl?id=64d2ab00a282381a168ee166b0a01fe3
_zСъдържание 5
_xpicjpg
856 _fСъдържание
_lreg users access
_qjpg
_uhttp://185.138.176.146:18082/cgi-bin/koha/opac-retrieve-file.pl?id=d5b6425076091eea99497b17e42f726f
_xpicjpg
_zСъдържание 6
856 _fСъдържание
_lreg users access
_qjpg
_uhttp://185.138.176.146:18082/cgi-bin/koha/opac-retrieve-file.pl?id=0f7246e71563a4f1817afbfd6a5e4f3e
_xpicjpg
_zСъдържание 7
856 _fСъдържание
_lreg users access
_qjpg
_uhttp://185.138.176.146:18082/cgi-bin/koha/opac-retrieve-file.pl?id=ce4f86a36fa12755a3e9995696f6be85
_xpicjpg
_zСъдържание 8
856 _fСъдържание
_lreg users access
_qjpg
_uhttp://185.138.176.146:18082/cgi-bin/koha/opac-retrieve-file.pl?id=5867e35cea35803fcaa4c6bef4e5146b
_xpicjpg
_zСъдържание 9
856 _fСъдържание
_lreg users access
_qjpg
_uhttp://185.138.176.146:18082/cgi-bin/koha/opac-retrieve-file.pl?id=a187c07068f77d89a531e05f0e90f9e7
_xpicjpg
_zСъдържание 10
942 _cKNG
_n0
_s1
944 _aCR
_c2020-11-05
_k30560
_lГеновева Генчева
999 _c391348
_d391348
999 _d391348
999 _d391348